00531 2200205 4500001002100000005001500021035002000036245003600056100001900092250002000111300003000131856003600161700001600197260003800213082000800251084001200259020002200271990001600293990001600309INLIS00000000000032020200218122043 a0010-02200000651 aHandbook STEK /cPrety Rosyidin0 aPrety Rosyidin aCetakan Pertama aIV + 86 hlm ;c14 x 21 cm aPerpustakaan Umum Kota Makassar0 aNur iswarso aYogyakarta :bINDOLITERASI,c2016 a580 a580 PRE a978-602-1129-51-7 a00000000531 a00000000532